000 00305nam a2200109 a 4500
001 000009326
005 20200929161545.0
008 090929s1926 000 spa d
245 0 _aJardines de psiquis : cantos de juventud tríptico bíblico y otros poemas.
260 _aParís,
_c1926.
999 _c9086
_d9086
040 _aDO-SdBNP